Erasmo de Rotterdam: vida y obra

Uloženo v:
Podrobná bibliografie
Hlavní autor: Augustijn, Cornelis (Autor)
Médium: Kniha
Jazyk:španělština
Vydáno: Barcelona Crítica 1990
Edice:General. Las ideas, 217
Témata:
Tagy: Přidat tag
Žádné tagy, Buďte první, kdo vytvoří štítek k tomuto záznamu!

MARC

LEADER 00000nam a2200000 a 4500
001 UCN8759
003 CL-VaPUC
008 011116e19900000SP |||||||||||||||||spa|d
082 0 4 |a 923.6  |b AUG  |2 21 
100 0 |a Augustijn, Cornelis  |e author  |9 465225 
245 1 0 |a Erasmo de Rotterdam: vida y obra 
300 |a 251 p 
942 |c BK 
945 |d 20011116 00:00:00  |a crobeson 
260 |a Barcelona  |b Crítica  |c 1990 
600 0 7 |a ERASMO DE ROTTERDAM  |2 CL-VaPUC  |9 368153 
650 7 |a HUMANISTAS - BIOGRAFIAS  |2 CL-VaPUC  |9 465226 
650 0 |a Doctrinas políticas  |9 255835 
650 0 |a Filosofía cristiana   |9 265980 
583 |a last modification  |c 20011116 00:00:00  |k Rodrigo Vera 
490 0 |a General. Las ideas, 217 
999 |c 298512  |d 298510 
952 |0 0  |1 0  |4 0  |6 923_600000000000000_AUG_1990  |7 0  |8 A  |9 354132  |a BIBHIS  |b BIBHIS  |d 2019-11-21  |i 3765105  |o 923.6 AUG 1990  |p 3765105  |r 2025-01-20  |w 2019-11-21  |y BK  |k HIS